000 00607nam a22002177a 4500
003 OSt
005 20260402135040.0
008 260402b |||||||| |||| 00| 0 eng d
020 _a9780443287213
040 _cNLM
082 _aQZ4 R553a 2026
100 _aAster, Jon C. [et...al]
_919568
245 _aRobbins, Contran & Kumar Pathologic Basis of Disease
250 _a11th ed.
260 _aPhiladelphia; Elsevier, 2026
300 _axi,1259p.; Col.ill: 27.5cm
504 _aReferences, & index included
650 _aPathology
_937
650 _aPathologic diseases
_919569
942 _2z
_cO_SHELF
999 _c9623
_d9623